000 00245nam a2200109Ia 4500
008 200302s9999 xx 000 0 und d
100 _aHeather Mills
245 _aFences & Gates
260 _bSunset Books Inc.
260 _c1996
300 _a96 P.,
999 _c1478
_d1478